000 00296nam a22001337a 4500
008 190306b xxu||||| |||| 00| 0 eng d
020 _a9781451150230
041 _aeng
080 _a615
100 _a5
101 _aSHF
245 _aNursing 2013 Drug Handbook
_cAntoon, M,C
942 _2udc
_cBK
999 _c54627
_d54627